LEADER 00900nam0-22002771i-450- 001 990006762340403321 005 20001010 035 $a000676234 035 $aFED01000676234 035 $a(Aleph)000676234FED01 035 $a000676234 100 $a20001010d--------km-y0itay50------ba 101 0 $aita 105 $ay-------001yy 200 1 $aGuida sanitaria per i Tropici$enozioni sulla protezione e la lotta contro alcune importanti malattie infettive in paesitropicali ..$fSilvio Pampiglione$gdisegni di Wolfgango Peretti Poggi 210 $aRoma$cIstituto Italo-Africano$d1974. 215 $a104 p. ill. 15x21 cm 700 1$aPampiglione,$bSilvio$078419 801 0$aIT$bUNINA$gRICA$2UNIMARC 901 $aBK 912 $a990006762340403321 952 $aXXXI VARIE 128$b11456$fFSPBC 959 $aFSPBC 996 $aGuida sanitaria per i Tropici$9631378 997 $aUNINA DB $aGEN01 LEADER 03671oam 2201033M 450 001 9910716136103321 005 20200213070930.3 035 $a(CKB)5470000002518756 035 $a(OCoLC)1065612962 035 $a(OCoLC)995470000002518756 035 $a(EXLCZ)995470000002518756 100 $a20071213d1926 ua 0 101 0 $aeng 135 $aurcn||||||||| 181 $ctxt$2rdacontent 182 $cc$2rdamedia 183 $acr$2rdacarrier 200 10$aInvestigation of the Bureau of Internal Revenue. January 7 (calendar day, January 12), 1926. -- Ordered to be printed with illustrations 210 1$a[Washington, D.C.] :$c[U.S. Government Printing Office],$d1926. 215 $a1 online resource (588 pages)$cillustrations, tables 225 1 $aSenate report / 69th Congress, 1st session. Senate ;$vno. 27 225 1 $a[United States congressional serial set] ;$v[serial no. 8529] 300 $aPages listed in the Contents Note reflect printed page numbers within successive, separately paginated parts of the publication. 300 $aPart 3 is dated February 1, 1926. 300 $aIndex to Part 1, p. 241. 300 $aPart 2 follows p. 243. 300 $aAppendix, p. 33. 300 $aPart 3, Minority report, follows p. 322. 300 $aBatch processed record: Metadata reviewed, not verified. Some fields updated by batch processes. 300 $aFDLP item number not assigned. 517 $aInvestigation of the Bureau of Internal Revenue. January 7 606 $aAdministrative procedure 606 $aGovernmental investigations$zUnited States 606 $aCopper mines and mining 606 $aCorporations$xTaxation 606 $aFraud 606 $aIncome tax 606 $aIndustrial mobilization 606 $aLumber trade 606 $aManufacturing industries 606 $aMines and mineral resources 606 $aPetroleum$xProspecting 606 $aGas$xProspecting 606 $aPetroleum industry and trade 606 $aProfit 606 $aPublic administration 606 $aSilver mines and mining 606 $aTax assessment 606 $aTax collection 606 $aTax evasion 606 $aTax exemption 606 $aFiscal policy 606 $aTaxation 606 $aTax refunds 606 $aWorld War, 1914-1918 608 $aLegislative materials.$2lcgft 615 0$aAdministrative procedure. 615 0$aGovernmental investigations 615 0$aCopper mines and mining. 615 0$aCorporations$xTaxation. 615 0$aFraud. 615 0$aIncome tax. 615 0$aIndustrial mobilization. 615 0$aLumber trade. 615 0$aManufacturing industries. 615 0$aMines and mineral resources. 615 0$aPetroleum$xProspecting. 615 0$aGas$xProspecting. 615 0$aPetroleum industry and trade. 615 0$aProfit. 615 0$aPublic administration. 615 0$aSilver mines and mining. 615 0$aTax assessment. 615 0$aTax collection. 615 0$aTax evasion. 615 0$aTax exemption. 615 0$aFiscal policy. 615 0$aTaxation. 615 0$aTax refunds. 615 0$aWorld War, 1914-1918. 701 $aCouzens$b James$f1872-1936$pRepublican (MI)$01389395 701 $aErnst$b Richard Pretlow$f1858-1934$pRepublican (KY)$01389928 801 0$bWYU 801 1$bWYU 801 2$bOCLCO 906 $aBOOK 912 $a9910716136103321 996 $aInvestigation of the Bureau of Internal Revenue. January 7 (calendar day, January 12), 1926. -- Ordered to be printed with illustrations$93444341 997 $aUNINA LEADER 01546nam 2200397 450 001 9910819996903321 005 20200810035729.0 010 $a1-68392-581-5 035 $a(CKB)4100000011243735 035 $a(MiAaPQ)EBC6191970 035 $a(EXLCZ)994100000011243735 100 $a20200810d2020 uy 0 101 0 $aeng 135 $aurcnu|||||||| 181 $ctxt$2rdacontent 182 $cc$2rdamedia 183 $acr$2rdacarrier 200 10$aData science tools $eR, Excel, KNIME & OpenOffice /$fChristopher Greco 210 1$aDulles, Virginia ;$aBoston, Massachusetts ;$aNew Delhi :$cMercury Learning and Information,$d[2020] 210 4$d©2020 215 $a1 online resource (220 pages) 300 $aIncludes index. 311 $a1-68392-583-1 327 $aFirst steps -- Importing data -- Statistical test -- More statistical tests -- Statistical methods for specific tools -- Summary -- Supplemental information. 330 $aThis book describes some of the popular software application tools along with the processes for downloading and using them in the most optimum fashion. The content includes data analysis using Microsoft Excel, KNIME, R, and OpenOffice (Spreadsheet). 606 $aStatistics$xData processing 615 0$aStatistics$xData processing. 676 $a519.50285 700 $aGreco$b Christopher$01143267 801 0$bMiAaPQ 801 1$bMiAaPQ 801 2$bMiAaPQ 906 $aBOOK 912 $a9910819996903321 996 $aData science tools$93992392 997 $aUNINA LEADER 07368oam 2201285 c 450 001 9910265131903321 005 20260302090207.0 010 $a9783839437124 010 $a3839437121 024 7 $a10.14361/9783839437124 035 $a(CKB)3710000001041882 035 $a(MiAaPQ)EBC4819189 035 $a(DE-B1597)477814 035 $a(OCoLC)1002243378 035 $a(OCoLC)1004875314 035 $a(OCoLC)1011468800 035 $a(OCoLC)978563888 035 $a(OCoLC)979956908 035 $a(OCoLC)999369242 035 $a(DE-B1597)9783839437124 035 $a(MiAaPQ)EBC6695115 035 $a(Au-PeEL)EBL6695115 035 $a(ScCtBLL)843facff-9be2-45b6-aa39-c8934f5b92fe 035 $a(transcript Verlag)9783839437124 035 $a(oapen)https://directory.doabooks.org/handle/20.500.12854/29248 035 $a(Perlego)1463164 035 $a(oapen)doab29248 035 $a(EXLCZ)993710000001041882 100 $a20260302d2017 uy 0 101 0 $ager 135 $aurcnu|||||||| 181 $2rdacontent 182 $2rdamedia 183 $2rdacarrier 200 10$aRechtspopulismus und Hegemonie$eDer Aufstieg der SVP und die diskursive Transformation der politischen Schweiz$fMarius Hildebrand 205 $a1st ed. 210 $aBielefeld$ctranscript Verlag$d2017 215 $a1 online resource (399 pages) 225 0 $aKultur und Kollektiv 300 $aThis study shines a new light on the rise of the Swiss People's Party that goes beyond the customary populism analyses centred around socio-structural issues and ideology critiques. 311 08$a9783837637120 311 08$a3837637123 320 $aIncludes bibliographical references. 327 $aFrontmatter 1 Editorial 2 Inhalt 5 Prolog: Der Anti-Populismus-Reflex oder die wissenschaftliche Konstitution eines ungeliebten Forschungsgegenstandes 11 Einleitung 19 1. Das ,Volk' als imagina?re und reale Identita?t 47 2. Populismusforschung als Parteienforschung: der Gelegenheitsstrukturansatz 51 3. Konzeptuelle Vorbemerkungen: Identita?t und Hegemonie 63 4. Antagonistische Ordnungen. Ernesto Laclaus und Chantal Mouffes poststrukturalistische Diskurstheorie des Sozialen 73 5. Populismus als politisches Pha?nom en par excellen c e 115 6. Fu?r eine Hegemonieanalyse rechtspopulistischer Diskurse 127 1. Operationalisierung und Untersuchungsmaterial 137 1. No Country for Populist Leaders? 151 2. Blochers ,Neue Mitte' und die Radikalisierung des Zu?rcher Flu?gels: Von der klientelistischen Bauern- und Gewerbepartei zur neukonservativen Catch-All-Partei 167 3. Zwischenbilanz und Vorausblick: Von der subkulturellen Enklave zum nationalpopularen politischen Projekt 193 4. Der populare Bruch: Der Konflikt um die europa?ische Integration und die Konstruktion eines nationalpopularen Neoliberalismus 197 5. Die Heydays des SVP-Populismus und die rechtspopulistische Hegemonisierung des nationalpopularen Imagina?ren 241 6. Gegenhegemonien: Swissness oder Sonderfall. Post-politische Restauration der multikulturellen Schweiz oder linkspopulistische Gegenhegemonie 285 7. ,Blocherismus' 291 8. Der Minarett-Streit. Der SVP-Populismus zwischen Zersplitterung und Hegemonisierung des demokratischen Imagina?ren 311 1. Die Kontinuita?t des SVP-Populismus und die Externalisierung innerer Grenzen 337 2. Popular-demokratischer oder autorita?rer Populismus. Das ethische Moment der politischen Ontologie und die Grenzen d es Formalismus 347 Bibliographie 353 Danksagung 397 330 $aDie Schweizerische Volkspartei ist binnen 25 Jahren von einer braven Klientelpartei zum politischen Taktgeber avanciert. Sie ist nicht nur die stärkste politische Kraft des Landes, sondern auch ein Vorbild des europäischen Rechtspopulismus.Marius Hildebrand beleuchtet die Karriere der SVP mithilfe der formalen Populismustheorie Ernesto Laclaus. Im Unterschied zu sozialstrukturellen und ideologiekritischen Analysen, die den Populismus als Anomalie perspektivieren, wird er hier als Effekt einer diskursiven Transformation der politischen Schweiz betrachtet. 330 1 $a»Das Buch [bietet] einen überzeugenden Überblick über die populistische Erfolgsgeschichte SVP und vertritt selbstbewusst die These, dass einfache Versuche der dauerhaften Ausgrenzung solcher politischen Bewegungen erstens wahrscheinlich wirkungslos sind und zweitens nicht unbedingt zur Stärkung der Demokratie beitragen.« 330 1 $a»Eine interessante Ergänzung zu den meisten Arbeiten zum Populismus, indem es [das Buch] jene ?Willens- und Identitätsbildungsprozesse, die Populismusforscher/innen in der Regel voraussetzen, untersucht. Während Letztere jeweils lediglich kurz darauf verweisen, dass die Termini ?Volk? und ?Elite? ganz unterschiedliche Bedeutungen haben können, zeigt dieses Buch detailliert anhand der Schweizerischen Volkspartei auf, wie diese beiden Begriffe und der für den Populismus zentrale Antagonismus zwischen ihnen diskursiv konstruiert werden.« 330 1 $a»Eine exzellente Analyse des Aufstiegs der Schweizer Volkspartei zu einer der stärksten politischen Kräfte des Landes.« 410 0$aKultur und Kollektiv ;$vBand 4. 517 2 $aHildebrand, Rechtspopulismus und Hegemonie$eDer Aufstieg der SVP und die diskursive Transformation der politischen Schweiz 606 $aPopulismus 606 $aPopulism 606 $aSVP 606 $aSchweiz 606 $aSwitzerland 606 $aHegemonie 606 $aHegemony 606 $aErnesto Laclau 606 $aRechtspopulismus 606 $aRight-wing-populism 606 $aPopulismustheorie 606 $aTheory of Populism 606 $aDiskursive Transformation 606 $aDiscursive Transformation 606 $aKulturrassismus 606 $aCultural Racism 606 $aPolitik 606 $aPolitics 606 $aPolitische Parteien 606 $aPolitical Parties 606 $aPolitische Soziologie 606 $aPolitical Sociology 606 $aPolitische Ideologien 606 $aPolitical Ideologies 606 $aPolitikwissenschaft 606 $aPolitical Science 615 4$aPopulismus 615 4$aPopulism 615 4$aSVP 615 4$aSchweiz 615 4$aSwitzerland 615 4$aHegemonie 615 4$aHegemony 615 4$aErnesto Laclau 615 4$aRechtspopulismus 615 4$aRight-wing-populism 615 4$aPopulismustheorie 615 4$aTheory of Populism 615 4$aDiskursive Transformation 615 4$aDiscursive Transformation 615 4$aKulturrassismus 615 4$aCultural Racism 615 4$aPolitik 615 4$aPolitics 615 4$aPolitische Parteien 615 4$aPolitical Parties 615 4$aPolitische Soziologie 615 4$aPolitical Sociology 615 4$aPolitische Ideologien 615 4$aPolitical Ideologies 615 4$aPolitikwissenschaft 615 4$aPolitical Science 676 $a303.4840943 700 $aHildebrand$b Marius$p
Marius Hildebrand, Universität Hamburg, Deutschland
$4aut$0916881 801 0$bDE-B1597 801 1$bDE-B1597 906 $aBOOK 912 $a9910265131903321 996 $aRechtspopulismus und Hegemonie$92055502 997 $aUNINA